Bashō; higeki no shijin,

Saved in:
Bibliographic Details
Main Author: Takahashi, Shōji, 1931-
Format: Book
Language:Japanese
Published: Tōkyō, Jōyū Gakuen, Shōwa 37 [1962]
Series:Jōyū sōsho, dai 3-shū
Subjects:
Tags: Add Tag
No Tags, Be the first to tag this record!
LEADER 00940nam a2200265u 4500
001 007732875-2
005 20024617115958.0
008 901218s1962 ja 000 0 jpn d
035 0 |a ocm22871790 
040 |a CLU  |c CLU  |d OCoLC  |d *YNH*  |d CStRLIN 
100 1 |6 880-01  |a Takahashi, Shōji,  |d 1931- 
245 1 0 |6 880-02  |a Bashō;  |b higeki no shijin,  |c Takahashi Shōji cho. 
260 |6 880-03  |a Tōkyō,  |b Jōyū Gakuen,  |c Shōwa 37 [1962] 
300 |a 225 p.  |c 17 cm. 
490 0 |6 880-04  |a Jōyū sōsho,  |v dai 3-shū 
500 |6 880-05  |a Nenpu: p. 218-225. 
600 1 0 |6 880-06  |a Matsuo, Bashō,  |d 1644-1694. 
880 1 |6 100-01  |a 高橋庄次,  |d 1931- 
880 1 0 |6 245-02  |a 芭蕉;  |b 悲劇の詩人,  |c 高橋庄次著. 
880 |6 260-03  |a 東京,  |b 城右學園,  |c 昭和37 [1962] 
880 0 |6 490-04  |a 城右叢書,  |v 第3輯 
880 |6 500-05  |a 年譜: p. 218-225. 
880 1 0 |6 600-06  |a 松尾芭蕉,  |d 1644-1694. 
988 |a 20021214 
906 |0 OCLC